Sौतन्यवेल (Record no. 335166)

MARC details
000 -LEADER
fixed length control field 00609nam a2200169Ia 4500
008 - FIXED-LENGTH DATA ELEMENTS--GENERAL INFORMATION
fixed length control field 090711s9999 xx 000 0 und d
082 ## - DEWEY DECIMAL CLASSIFICATION NUMBER
Item number 246
100 ## - MAIN ENTRY--PERSONAL NAME
Personal name जाधव रा. ग. / गुंडी नीलिमा
245 ## - TITLE STATEMENT
Title Sौतन्यवेल
260 ## - PUBLICATION, DISTRIBUTION, ETC. (IMPRINT)
Name of publisher, distributor, etc स्नेहवर्धन प्रकाशन
Date of publication, distribution, etc 1998
300 ## - PHYSICAL DESCRIPTION
Extent 128
600 ## - SUBJECT ADDED ENTRY--PERSONAL NAME
Personal name जाधव रा. ग. / गुंडी नीलिमा
630 ## - SUBJECT ADDED ENTRY--UNIFORM TITLE
Uniform title Sौतन्यवेल
700 ## - ADDED ENTRY--PERSONAL NAME
Personal name जाधव रा. ग. / गुंडी नीलिमा
730 ## - ADDED ENTRY--UNIFORM TITLE
Uniform title Sौतन्यवेल
942 ## - ADDED ENTRY ELEMENTS (KOHA)
Koha item type Book

No items available.